Nuevo libro de la fe cristiana: ensayo de formulación actual
Spremljeno u:
| Glavni autor: | |
|---|---|
| Format: | Knjiga |
| Jezik: | španjolski |
| Izdano: |
Barcelona
Herder
1977
|
| Teme: | |
| Oznake: |
Dodaj oznaku
Bez oznaka, Budi prvi tko označuje ovaj zapis!
|
MARC
| LEADER | 00000nam a2200000 a 4500 | ||
|---|---|---|---|
| 001 | UCL1821 | ||
| 003 | CL-VaPUC | ||
| 008 | 030926e19770000SP |||||||||||||||||spa|d | ||
| 082 | 0 | 4 | |a 234.23 |b FEI |2 21 |
| 100 | 0 | |a Feiner, J |e author |9 478654 | |
| 245 | 1 | 0 | |a Nuevo libro de la fe cristiana: ensayo de formulación actual |
| 300 | |a 750 p | ||
| 942 | |c BK | ||
| 945 | |d 20030926 00:00:00 |a vberengu | ||
| 260 | |a Barcelona |b Herder |c 1977 | ||
| 650 | 0 | |a Fe |9 308036 | |
| 650 | 0 | |a Creencia Religiosa |9 316904 | |
| 650 | 0 | |a Teología cristiana |9 308336 | |
| 583 | |a last modification |c 20030926 00:00:00 |k Rodrigo Vera | ||
| 999 | |c 305261 |d 305259 | ||
| 952 | |0 0 |1 0 |4 0 |6 234_230000000000000_FEI_1977 |7 0 |8 A |9 368386 |a BIBTEO |b BIBTEO |d 2019-11-21 |i 2079097 |o 234.23 FEI 1977 |p 2079097 |r 2025-01-17 |w 2019-11-21 |y BK |k ICR | ||